| 000 | 00786nam a22002415a 4500 | ||
|---|---|---|---|
| 005 | 20080522115808.0 | ||
| 008 | 080520s2008 nyu 000 0 eng | ||
| 010 | _aENG-95819 | ||
| 020 |
_a9788177096576 _c360.00 |
||
| 035 | _aEN-79352 | ||
| 037 | _aDBAD/PUB | ||
| 040 | _aDPL | ||
| 082 | _a510 | ||
| 100 | _aDas Gupta, Asit | ||
| 245 |
_aProblems plus in IIT mathematics / _cby Asit Das Gupta |
||
| 250 | _a. | ||
| 260 |
_aNew Delhi _bBharati Bhawan _c2009 |
||
| 270 |
_a4227/3, Ansari Road _bNew Delhi _e110002 |
||
| 300 |
_aVarious pagings _b27cm. (Pbk) |
||
| 942 |
_2ddc _cEN _mDAS _h510 |
||
| 999 |
_c33583 _d33583 |
||